Керамзит и аглопорит в Новосибирской области

Библиографические подробности
Автор-организация: Новосибирский инженерно-строительный институт
Другие авторы: Книгина Г. И., Ванеев В. А., Храпов В. С., Тацки Л. Н., Гречишников А. С.
Язык:русский
Опубликовано: Новосибирск, Западно-Сибирское книжное издательство, 1970
Предметы:
Формат: MixedMaterials Книга
Запись в KOHA:https://koha.lib.tpu.ru/cgi-bin/koha/opac-detail.pl?biblionumber=105552

MARC

LEADER 00000nam0a2200000 4500
001 105552
005 20231031114441.0
035 |a (RuTPU)RU\TPU\book\113898 
090 |a 105552 
100 |a 20061117d1970 m y0rusy50 ca 
101 0 |a rus 
102 |a RU 
105 |a a z 001zy 
200 1 |a Керамзит и аглопорит в Новосибирской области  |f Г. И. Книгина [и др.]  |g Новосибирский инженерно-строительный институт 
210 |a Новосибирск  |c Западно-Сибирское книжное издательство  |d 1970 
215 |a 42 с.  |c черт. 
320 |a Библиогр.: с. 41-42. 
610 1 |a керамзиты 
610 1 |a аглопориты 
610 1 |a Новосибирская область 
610 1 |a применение 
610 1 |a производство 
675 |a 666.974  |v 3 
675 |a 666.7/9  |v 3 
701 1 |a Книгина  |b Г. И. 
701 1 |a Ванеев  |b В. А. 
701 1 |a Храпов  |b В. С. 
701 1 |a Тацки  |b Л. Н. 
701 1 |a Гречишников  |b А. С. 
712 0 2 |a Новосибирский инженерно-строительный институт 
801 1 |a RU  |b 63413507  |c 20061117  |g PSBO 
801 2 |a RU  |b 63413507  |c 20071008  |g PSBO 
942 |c BK